000 00998cam a2200313 a 4500
999 _c4265
_d4265
001 139811
003 GBCCL
005 20241126110514.0
008 840104s1984 ilu 000 0 eng
010 _a 83051299
020 _a088207623X (pbk.)
020 _a9780882076232 (pbk.)
035 _a(OCoLC)ocm10669041
035 _a(OCoLC)10669041
040 _aDLC
_cDLC
_dBAKER
_dBTCTA
_dYDXCP
_dLBB
049 _aLBBK
_c1-2
050 0 _aBS2615.5
_b.H83 1984
082 0 _a226.506
_219
_bHUG
090 _aBS2615.5
_b.H83 1984
100 1 _aHughes, R. Kent.
_98071
245 1 0 _aBehold the Lamb /
_cR. Kent Hughes ; [foreword by Joseph Bayly].
260 _aWheaton, Ill. :
_bVictor Books,
_cc1984.
300 _a175 p. ;
_c21 cm.
500 _a"A Victor adult elective/13 sessions"--P. [4] of cover.
520 _aLloyd M. Perry Collection.
630 0 0 _aBible.
_pN.T.
_pJohn I-X
_xStudy and teaching.
_98072
650 0 _aChristian education
_vTextbooks for adults.
_98073
942 _2ddc
_cBK